000 00593cam a22001933a 4500
001 39232
003 PGUSA
005 20140828083854.0
008 120323s2012||||xxu|||||s|||||000 | eng d
040 _aPGUSA
_beng
042 _adc
245 1 0 _aEncyclopaedia Britannica, 11th Edition, Volume 13, Slice 5 :
_b"Hinduism" to "Home, Earls of"
_h[electronic resource] /
_cVarious
260 _bProject Gutenberg,
_c2012
506 _aPublic domain in the USA.
516 _aElectronic text
830 0 _aProject Gutenberg
_v39232
856 4 0 _uhttp://www.gutenberg.org/ebooks/39232
942 _cEB
999 _c268485
_d268485